| 000 | 00486nam a2200181Ia 4500 | ||
|---|---|---|---|
| 001 | 7903 | ||
| 005 | 20260306160529.0 | ||
| 008 | 260306t2005||||xx |||||||||||||| ||spa|| | ||
| 041 | _aESP | ||
| 082 |
_a363.72 _bC75 |
||
| 100 |
_aColoma Elías, Guillermo W. _eAUT |
||
| 245 | 0 | _aDocumentos del contrato Ugarteche y el saneamiento urbano de Mollendo (1926 - 1935) | |
| 260 | _c2005 | ||
| 300 |
_a159 páginas : _c24 cm. |
||
| 650 | _aGEN | ||
| 654 | _aCAN | ||
| 942 |
_cLIB _dJUS _fJUS _2ddc _n |
||
| 999 |
_c7903 _d7903 |
||